00369nam a2200121Ia 4500008004100000041000800041100002100049245002300070260001800093650001500111999001900126952010200145231219s9999 xx 000 0 und d aeng aKharidehal V.Rao aManagement Science bM.G.H Bombay  aManagement c975262d975262 00104070aMCMbMCMd2023-12-21g162.00l0pMCM-56BB0001059r2023-12-21 00:00:00w2023-12-21yBK